Láminas de biodiversidad de Costa Rica (Registro nro. 13367)
[ vista simple ]
| 000 -CABECERA | |
|---|---|
| campo de control de longitud fija | 00504nam a22001817a 4500 |
| 005 - FECHA Y HORA DE ACTUALIZACIÓN | |
| campo de control | 20220506120628.0 |
| 008 - LONGITUD FIJA | |
| campo de control de longitud fija | 220506b xxu||||| |||| 00| 0 spa d |
| 041 ## - IDIOMA | |
| Código de idioma del texto/pista de sonido o título separado | |
| 082 ## - CLASIFICACIÓN DECIMAL DEWEY | |
| Número de clasificación | LBCR |
| 245 ## - TÍTULO PROPIAMENTE DICHO | |
| Título | Láminas de biodiversidad de Costa Rica |
| 260 ## - PIE DE IMPRENTA | |
| Lugar de publicación, distribución, etc. | Costa Rica |
| 650 ## - Materia General | |
| Materia general | BIODIVERSIDAD |
| 650 ## - Materia General | |
| Materia general | COSTA RICA |
| 650 ## - Materia General | |
| Materia general | ANIMALES DE COSTA RICA |
| 650 ## - Materia General | |
| Materia general | PAISAJES DE COSTA RICA |
| 650 ## - Materia General | |
| Materia general | SÍMBOLOS E IGLESIAS DE COSTA RICA |
| 942 ## - Punto de Acceso Adicional Koha | |
| Tipo de ítem Koha | Material didáctico |
| Estado perdido | Estado dañado | No para préstamo | Biblioteca permanente | Biblioteca actual | Signatura completa | Código de barras | Tipo de ítem | Precio efectivo a partir del |
|---|---|---|---|---|---|---|---|---|
| Departamento de Biblioteca y Documentación Alfonso Chase Brenes | Departamento de Biblioteca y Documentación Alfonso Chase Brenes | Símbolos e iglesias de Costa Rica | LB01 | Material didáctico | ||||
| Departamento de Biblioteca y Documentación Alfonso Chase Brenes | Departamento de Biblioteca y Documentación Alfonso Chase Brenes | Animales de Costa Rica | LB02 | Material didáctico | 06/05/2022 | |||
| Departamento de Biblioteca y Documentación Alfonso Chase Brenes | Departamento de Biblioteca y Documentación Alfonso Chase Brenes | Animales de Costa Rica | LB03 | Material didáctico | 06/05/2022 | |||
| Departamento de Biblioteca y Documentación Alfonso Chase Brenes | Departamento de Biblioteca y Documentación Alfonso Chase Brenes | Animales de Costa Rica | LB04 | Material didáctico | 06/05/2022 | |||
| Departamento de Biblioteca y Documentación Alfonso Chase Brenes | Departamento de Biblioteca y Documentación Alfonso Chase Brenes | Animales de Costa Rica | LB05 | Material didáctico | 06/05/2022 | |||
| Departamento de Biblioteca y Documentación Alfonso Chase Brenes | Departamento de Biblioteca y Documentación Alfonso Chase Brenes | Paisajes de Costa rica | LB06 | Material didáctico | 06/05/2022 | |||
| Departamento de Biblioteca y Documentación Alfonso Chase Brenes | Departamento de Biblioteca y Documentación Alfonso Chase Brenes | Paisajes de Costa rica | LB07 | Material didáctico | 06/05/2022 | |||
| Departamento de Biblioteca y Documentación Alfonso Chase Brenes | Departamento de Biblioteca y Documentación Alfonso Chase Brenes | Paisajes de Costa rica | LB08 | Material didáctico | 06/05/2022 | |||
| Departamento de Biblioteca y Documentación Alfonso Chase Brenes | Departamento de Biblioteca y Documentación Alfonso Chase Brenes | Paisajes de Costa rica | LB09 | Material didáctico | 06/05/2022 | |||
| Departamento de Biblioteca y Documentación Alfonso Chase Brenes | Departamento de Biblioteca y Documentación Alfonso Chase Brenes | Paisajes de Costa rica | LB10 | Material didáctico |